Las Vegas Raiders Starting Quarterbacks of Super Bowl Era - Statistics

General Stats
  • This quiz has been taken 307 times
    74 since last reset
  • The average score is 17 of 46
Answer Stats
Answer % Correct
Derek Carr
98%
Jim Plunkett
87%
Aidan O'Connell
85%
Ken Stabler
85%
Rich Gannon
85%
Gardner Minshew
74%
JaMarcus Russell
74%
Jimmy Garoppolo
65%
Carson Palmer
61%
Daryle Lamonica
59%
Kerry Collins
52%
Jeff Hostetler
50%
Marc Wilson
46%
Wade Wilson
46%
Terrelle Pryor
43%
Brian Hoyer
41%
George Blanda
41%
Tom Flores
41%
Desmond Ridder
39%
Jason Campbell
39%
Jeff George
39%
Jat Schroeder
37%
Dan Pastorini
28%
Todd Marinovich
28%
Jarrett Stidham
26%
Josh McCown
26%
Andrew Walter
24%
Bruce Gradkowski
24%
Vince Evans
24%
Connor Cook
22%
Steve Beuerlein
22%
Daunte Culpepper
20%
Rick Mirer
20%
EJ Manuel
17%
Matt Flynn
17%
Aaron Brooks
15%
Cotton Davidson
15%
Kyle Boller
15%
Billy Joe Hobert
11%
Larry Lawrence
7%
Matt McGlion
7%
Mike Rae
7%
Charlie Frye
4%
Donald Hollas
4%
Rusty Hilger
4%
Marques Tuiasospo
2%
No matching quizzes found
Score Distribution
Percent of People with Each Score
Percentile by Number Answered
Your Score History
You have not taken this quiz since the last reset